| 000 | 00502nam a22001937a 4500 | ||
|---|---|---|---|
| 003 | OSt | ||
| 005 | 20160517134302.0 | ||
| 008 | 160517b xxu||||| |||| 00| 0 eng d | ||
| 020 | _a0316104329 | ||
| 040 | _cDLMN. | ||
| 082 | _aQW4 B692m. | ||
| 100 |
_aBoyd,E.Robert;Marr,J.Joseph; _98839 |
||
| 245 | _aMedical Microbiology. | ||
| 260 |
_aBoston. _bLittle,Brown and Company. _c1980 |
||
| 300 |
_ax,753p; _bill; _c26cm. |
||
| 504 | _aincludes index. | ||
| 650 |
_aMedicine. _9324 |
||
| 942 |
_2ddc _cO_SHELF |
||
| 999 |
_c4072 _d4072 |
||